Stranger things (facile) - Statistiques

Statistiques générales
  • Ce quiz a été pris 3 327 fois
  • Le résultat moyen est 12 sur 15
Statistiques - réponses
Question Réponse % Correct
Comment sait-on que le demogorgon approche ? Les lumières clignotent
98%
A quel jeu les garçons ont l'habitude de jouer dans le sous-sol des Wheelers ? Donjons et Dragons
96%
Comment s'appelle la petite amie de Dustin ? Suzie
96%
De quelles couleurs sont les orages dans le monde à l'envers ? Rouge
93%
Quel sport à roulette Max pratique-t-elle ? Le skateboard
92%
Quels personnages sont en couple à la fin de la saison 3 ? Nancy et Jonhatan
92%
Comment s'appelle la créature qui enlève Will dans la saison 1 ? Le Demogorgon
90%
Quelle arme Steve utilise-t-il dans la saison 2 ? Une batte cloutée
89%
Comment s'appelle le professeur de sciences au lycée d'Hawkins ? Monsieur Clarke
88%
Comment se nomme la soeur de 11 ? 008
84%
Quel est le nom du scientifique russe capturé par Hopper et Joyce ? Alexei
83%
Sous quel bâtiment les russes ont-ils implanté leur base secrète ? Le centre commercial Starcourt
74%
Dans la saison 2, dans quel endroit Will a-t-il pour le première fois une vision du monde à l'envers et du Flagelleur mental ? Aux bornes d'arcades
67%
D'où sont originaire Max et Billy ? La Californie
64%
Quelle est la manifestation ultime des pouvoirs d'Eleven ? Elle lévite
37%
Aucun quiz correspondant
Distribution des résultats
% des personnes avec chaque résultat
Percentile par nombre de réponses
Votre historique - résultats
Vous n’avez pas pris ce quiz